Normal view MARC view
  • PhD SOFTWARE ENGINEERING-2023

Entry Topical Term

Number of records used in: 3

001 - CONTROL NUMBER

  • control field: 109100

003 - CONTROL NUMBER IDENTIFIER

  • control field: NUST

005 - DATE AND TIME OF LATEST TRANSACTION

  • control field: 20230215154818.0

008 - FIXED-LENGTH DATA ELEMENTS

  • fixed length control field: 230215|| aca||aabn | a|a d

040 ## - CATALOGING SOURCE

  • Original cataloging agency: NUST
  • Transcribing agency: NUST

150 ## - HEADING--TOPICAL TERM

  • Topical term or geographic name entry element: PhD SOFTWARE ENGINEERING-2023

670 ## - SOURCE DATA FOUND

  • Source citation: Work cat.: (NUST): Faryal Nosheen 70707, Th-SOF-2133 A Novel Approach to Compute Lower and Upper Approximations of Dominance Based Rough Set Theory, 2023.
© 2023 Central Library, National University of Sciences and Technology. All Rights Reserved.